[Event "Ile et Vilaine op"]
[Site "Rennes"]
[Date "2011.06.11"]
[Round "1"]
[White "Vandomel, Fabrice"]
[Black "Aubry, Yannis"]
[Result "0-1"]
[WhiteElo "1841"]
[BlackElo "2055"]
[PlyCount "78"]
[EventDate "2011.06.11"]
[EventType "swiss"]
[EventRounds "7"]
[EventCountry "FRA"]
[SourceTitle "EXT 2012"]
[Source "ChessBase"]
[SourceDate "2011.11.24"]
[SourceVersion "1"]
[SourceVersionDate "2011.11.24"]
[SourceQuality "1"]

1. e4 d6 2. d4 Nf6 3. Nc3 e5 4. Nf3 Nbd7 5. Bc4 Be7 6. 0-0 0-0 7. h3 c6 8. Be2 Qc7 9. Be3 b5 10. a3 a6 11. Nh2 Re8 12. f4 exd4 13. Bxd4 Bf8 14. Bf3 Bb7 15. Re1 c5 16. Bf2 b4 17. Nd5 Nxd5 18. exd5 a5 19. Ng4 g6 20. Qd2 Bg7 21. c3 f5 22. Ne3 bxc3 23. bxc3 Nf6 24. Rab1 Ba6 25. g4 Ne4 26. Bxe4 fxe4 27. c4 Rf8 28. Bg3 Rae8 29. h4 Bd4 30. Qc2 Bc8 31. Qd1 Qd7 32. Kg2 Ba6 33. Qc2 Bxe3 34. Rxe3 Qxg4 35. Rxe4 Bc8 36. Rxe8 Rxe8 37. Qb3 a4 38. Qc3 Qe2+ 39. Bf2 Qe4+ 0-1

[Event "Rennes op 1st"]
[Site "Rennes"]
[Date "2008.08.01"]
[Round "6"]
[White "Charpentier, Maxime"]
[Black "Vandomel, Fabrice"]
[Result "1-0"]
[WhiteElo "1570"]
[BlackElo "1879"]
[PlyCount "75"]
[EventDate "2008.07.28"]
[EventType "swiss"]
[EventRounds "9"]
[EventCountry "FRA"]
[SourceTitle "EXT 2009"]
[Source "ChessBase"]
[SourceDate "2008.11.26"]
[SourceVersion "1"]
[SourceVersionDate "2008.11.26"]
[SourceQuality "1"]

1. e4 e6 2. d4 d5 3. exd5 exd5 4. Nf3 Bg4 5. Bd3 Nc6 6. c3 Bd6 7. 0-0 Nge7 8. h3 Bh5 9. Bg5 Qd7 10. Nbd2 f6 11. Bh4 0-0-0 12. Bg3 g5 13. Bxd6 Qxd6 14. Re1 Bf7 15. Nh2 h5 16. b4 Ng6 17. g3 Nce7 18. a4 Be6 19. Bf1 Qd7 20. Qf3 Rdf8 21. Qg2 Rhg8 22. Bb5 c6 23. Bf1 f5 24. Nhf3 Nh8 25. Ne5 Qc7 26. Nef3 Qd6 27. Ne5 h4 28. g4 Nhg6 29. f3 fxg4 30. fxg4 Nf4 31. Qh2 Rf6 32. Re3 Bd7 33. Rae1 Rg7 34. Nxd7 Kxd7 35. Nf3 Kc7 36. Nxg5 Rxg5 37. Rxe7+ Kb6 38. a5# 1-0

[Event "Rennes op 1st"]
[Site "Rennes"]
[Date "2008.07.30"]
[Round "4"]
[White "Theon, Pierre"]
[Black "Vandomel, Fabrice"]
[Result "1-0"]
[WhiteElo "2167"]
[BlackElo "1879"]
[PlyCount "81"]
[EventDate "2008.07.28"]
[EventType "swiss"]
[EventRounds "9"]
[EventCountry "FRA"]
[SourceTitle "EXT 2009"]
[Source "ChessBase"]
[SourceDate "2008.11.26"]
[SourceVersion "1"]
[SourceVersionDate "2008.11.26"]
[SourceQuality "1"]

1. e4 e6 2. d4 d5 3. Nc3 Nf6 4. e5 Ne4 5. Nce2 f6 6. f3 Ng5 7. f4 Nf7 8. Nf3 g6 9. h4 Bg7 10. h5 b6 11. g4 fxe5 12. dxe5 gxh5 13. g5 Ba6 14. Ng3 Bxf1 15. Kxf1 Qd7 16. Qd3 Nc6 17. Nxh5 Nfd8 18. Bd2 Nb7 19. b4 0-0-0 20. a4 Qf7 21. Nxg7 Qxg7 22. Rh6 Qe7 23. Qb5 Nb8 24. Nd4 a6 25. Qd3 c5 26. Nxe6 Rd7 27. Rb1 c4 28. Qd4 Nd8 29. Qxb6 Rb7 30. Qc5+ Qxc5 31. Nxc5 Re7 32. e6 Rf8 33. b5 axb5 34. axb5 Nb7 35. Rf6 Rfe8 36. Nxb7 Rxb7 37. f5 Nc6 38. Rf7 Nd4 39. Ra1 Nxb5 40. Bf4 Nc7 41. Bxc7 1-0

[Event "Rennes op 1st"]
[Site "Rennes"]
[Date "2008.07.29"]
[Round "2"]
[White "Maes, Wim"]
[Black "Vandomel, Fabrice"]
[Result "1-0"]
[WhiteElo "2319"]
[BlackElo "1879"]
[PlyCount "53"]
[EventDate "2008.07.28"]
[EventType "swiss"]
[EventRounds "9"]
[EventCountry "FRA"]
[SourceTitle "EXT 2009"]
[Source "ChessBase"]
[SourceDate "2008.11.26"]
[SourceVersion "1"]
[SourceVersionDate "2008.11.26"]
[SourceQuality "1"]

1. e4 e6 2. d3 d5 3. Nd2 Nf6 4. Ngf3 b6 5. g3 dxe4 6. dxe4 Bc5 7. Bd3 e5 8. 0-0 Bh3 9. Re1 Ng4 10. Re2 Qf6 11. c3 a5 12. Qa4+ c6 13. b4 b5 14. Bxb5 Bb6 15. Bd3 0-0 16. Rb1 Rd8 17. Qc2 g5 18. bxa5 Bc5 19. Rb7 Ra7 20. a6 Nxa6 21. Rxa7 Bxa7 22. Bxa6 Nxf2 23. Rxf2 g4 24. Be2 gxf3 25. Nxf3 Be6 26. Bg5 Bxf2+ 27. Kxf2 1-0

[Event "FRA-chT3 Gr06 0607"]
[Site "France"]
[Date "2006.12.10"]
[Round "4.3"]
[White "Vandomel, Fabrice"]
[Black "Notter, Max"]
[Result "0-1"]
[WhiteElo "1974"]
[BlackElo "2052"]
[PlyCount "98"]
[EventDate "2006.10.15"]
[EventType "team"]
[EventRounds "9"]
[EventCountry "FRA"]
[SourceTitle "EXT 2008"]
[Source "ChessBase"]
[SourceDate "2007.11.25"]
[SourceVersion "1"]
[SourceVersionDate "2007.11.25"]
[SourceQuality "1"]
[WhiteTeam "Rennes Paul Bert II"]
[BlackTeam "Douarnenez"]
[WhiteTeamCountry "FRA"]
[BlackTeamCountry "FRA"]

1. b3 d5 2. Bb2 Nf6 3. e3 Bg4 4. f3 Bd7 5. f4 e6 6. Nf3 c5 7. Ne5 Be7 8. d3 Qb6 9. c4 Bc6 10. Be2 Nbd7 11. Nxc6 Qxc6 12. Bf3 Qc7 13. 0-0 d4 14. exd4 Qxf4 15. Bxb7 Qe3+ 16. Kh1 Rb8 17. Rf3 Ng4 18. Qf1 Qh6 19. Rh3 Qf6 20. Rf3 Qh4 21. Qg1 Rxb7 22. dxc5 Bxc5 23. d4 Nde5 24. dxc5 Nxf3 25. gxf3 Nf2+ 26. Kg2 Nd3 27. Bc3 Qg5+ 28. Kh1 Qxg1+ 29. Kxg1 Nxc5 30. Nd2 f6 31. Kf2 Kf7 32. Rb1 Rd8 33. Ne4 Nxe4+ 34. fxe4 Rd3 35. Rc1 Ke8 36. b4 Rh3 37. Kg2 Re3 38. c5 Rxc3 39. Rxc3 Rxb4 40. Kf3 Kd7 41. Ra3 Rb7 42. Ra6 Rc7 43. Rd6+ Ke7 44. Ra6 e5 45. a4 Kd7 46. Rd6+ Kc8 47. c6 Re7 48. Rd5 Kc7 49. Rc5 Kb6 0-1

[Event "FRA-chT3 Gr06 0607"]
[Site "France"]
[Date "2006.11.25"]
[Round "2.3"]
[White "Vandomel, Fabrice"]
[Black "Benard, Anne Laurie"]
[Result "0-1"]
[WhiteElo "1974"]
[BlackElo "2056"]
[PlyCount "47"]
[EventDate "2006.10.15"]
[EventType "team"]
[EventRounds "9"]
[EventCountry "FRA"]
[SourceTitle "EXT 2008"]
[Source "ChessBase"]
[SourceDate "2007.11.25"]
[SourceVersion "1"]
[SourceVersionDate "2007.11.25"]
[SourceQuality "1"]
[WhiteTeam "Rennes Paul Bert II"]
[BlackTeam "Cherbourg Octeville"]
[WhiteTeamCountry "FRA"]
[BlackTeamCountry "FRA"]

1. b3 Nf6 2. Bb2 e6 3. e3 d5 4. f4 Bd6 5. Nf3 c5 6. Bb5+ Nc6 7. 0-0 0-0 8. Bxc6 bxc6 9. Ne5 Qc7 10. Rf3 Nd7 11. Rh3 Nxe5 12. fxe5 Be7 13. Qh5 h6 14. Rg3 Kh7 15. d3 Bd8 16. Nd2 Qe7 17. Rf1 Qh4 18. Qe2 Bd7 19. Rg4 Qe7 20. Rgf4 Rg8 21. Nf3 Bc7 22. Rg4 f6 23. exf6 gxf6 24. Rxg8 0-1

[Event "FRA-chT2 West 0607"]
[Site "France"]
[Date "2006.10.15"]
[Round "1.7"]
[White "Vandomel, Fabrice"]
[Black "Bollard, Maxime"]
[Result "0-1"]
[WhiteElo "1974"]
[BlackElo "1884"]
[PlyCount "44"]
[EventDate "2006.10.15"]
[EventType "team"]
[EventRounds "11"]
[EventCountry "FRA"]
[SourceTitle "EXT 2008"]
[Source "ChessBase"]
[SourceDate "2007.11.25"]
[SourceVersion "1"]
[SourceVersionDate "2007.11.25"]
[SourceQuality "1"]
[WhiteTeam "Rennes Paul Bert"]
[BlackTeam "Agneaux Saint Lo"]
[WhiteTeamCountry "FRA"]
[BlackTeamCountry "FRA"]

1. b3 d5 2. e3 Nf6 3. Bb2 c6 4. Nf3 Bg4 5. h3 Bxf3 6. Qxf3 Nbd7 7. Qg3 Ne4 8. Qh2 e6 9. d3 Bd6 10. Qg1 Qa5+ 11. c3 Nef6 12. f4 e5 13. Qf2 0-0-0 14. fxe5 Bxe5 15. Be2 Qc7 16. 0-0 h5 17. e4 dxe4 18. Qxa7 Nb6 19. d4 Bh2+ 20. Kh1 e3 21. Qa5 Rd5 22. Qb4 Bd6 0-1